000 00485nam a22001817a 4500
003 CEME
005 20210628205720.0
008 210316b xxu||||| |||| 00| 0 eng d
020 _a0-7923-9720-7
040 _c.
082 _a004 REP
100 _aFujita, Masahiro Sasao, Tsutomu
_976793
245 _aRepresentation of discrete functions
260 _aBOSTON
_bKLUWER ACADEMIC
_c1996
300 _a331P
650 _aDISCRETE FUNCTIONS,REPRESENTATION
_976794
942 _cBK
_2ddc
999 _c582124
_d582124